1967 1280 1368 1787 1675 1067 1394 1929 1365 1752 1334 1223 1400 1090 1309 1919 1813 1573 1420 1567 1803 1542 1128 1867 1767 1883 1589 1607 1505 1217 1913 1089 1335 1907 1021 1850 1107 1019 1862 1728 1506 1730 1717 1082 1035 1034 1436 1674 1786 1527 1052 1631 1769 1394 1538 1258 1733 1137 1326 1670 1520 1310 1829 1729 1563 1422 1632 1775 1704 1030 1292 1285 1277 1475 1642 1966 1850 1118 1259 1292 1102 1437 1767 1135 1382 1713 1455 1700 1419 1336 1319 1223 1577 1847 1189 1658 1854 1026 1307 BCNSPRNW ULIB Ver.6.0+V

เปลี่ยนเป็นภาษาไทย

Change to English
 แสดงรายละเอียดบรรณานุกรม
  กลับหน้าหลัก

Brief Record : Get Marc (ISO 2709) : E-mail record : QR code < ปิดหน้าต่าง
LEADER : 00000nam 2200000uu 4500
001    13399126893
003     ULIB
008    190829s2561||||th 000 0 tha d
020    ^a9786164682528
060    ^aWM270^bน256ก
100    ^aนริสา วงศ์พนารักษ์
245    ^aการพยาบาลผู้ติดสารเสพติด/^bนริสา วงศ์พนารักษ์
250    ^aพิมพ์ครั้งที่ 2
260    ^aมหาสารคาม :^bกากะเยีย,^c2561.
300    ^a159 หน้า : ^bตารางประกอบ;^c26 ซม.
504    ^aเอกสารอ้างอิงและดัชนีท้ายเล่ม
650  7 ^aการพยาบาลจิตเวชศาสตร์.
650  7 ^aการติดยาเสพติด.
710    ^aมหาวิทยาลัยมหาสารคาม^bคณะพยาบาลศาสตร์
945    ^p230^l0^i27530
945    ^p230^l0^i27527
945    ^p230^l0^i27526
945    ^p230^l0^i27528
945    ^p230^l0^i27529
999    ^aกัณชพร จุลอักษร
รายการนี้ยังไม่มีแท็ก
คุณยังไม่ได้ล็อกอิน คุณสามารถมีกิจกรรมร่วมกับเว็บไซต์ได้ แต่ต้องล็อกอินก่อน ::
  ล็อกอิน

รายการสื่อสารสนเทศ

ลำดับที่ ประเภท เลขเรียก/บาร์โค้ด สถานที่ สถานะ
1. หนังสือสำรอง
หนังสือสำรอง
WM270 น256ก ฉ.1 
  Barcode: 27526
ห้องสมุดวิทยาเขตนครสวรรค์
►หนังสือทั่วไป:l:General Books
บนชั้น
2. วิทยาศาสตร์การแพทย์ และสุขภาพ
วิทยาศาสตร์การแพทย์ และสุขภาพ
WM270 น256ก ฉ.2 
  Barcode: 27527
ห้องสมุดวิทยาเขตนครสวรรค์
►หนังสือทั่วไป:l:General Books
บนชั้น
3. วิทยาศาสตร์การแพทย์ และสุขภาพ
วิทยาศาสตร์การแพทย์ และสุขภาพ
WM270 น256ก ฉ.3 
  Barcode: 27528
ห้องสมุดวิทยาเขตนครสวรรค์
►หนังสือทั่วไป:l:General Books
บนชั้น
4. วิทยาศาสตร์การแพทย์ และสุขภาพ
วิทยาศาสตร์การแพทย์ และสุขภาพ
WM270 น256ก ฉ.4 
  Barcode: 27529
ห้องสมุดวิทยาเขตนครสวรรค์
►หนังสือทั่วไป:l:General Books
บนชั้น
5. วิทยาศาสตร์การแพทย์ และสุขภาพ
วิทยาศาสตร์การแพทย์ และสุขภาพ
WM270 น256ก ฉ.5 
  Barcode: 27530
ห้องสมุดวิทยาเขตนครสวรรค์
►หนังสือทั่วไป:l:General Books
บนชั้น

รายการใกล้เคียง
    ผู้แต่ง [นริสา วงศ์พนารักษ์]

    หัวเรื่อง [การพยาบาลจิตเวชศาสตร์.]
    หัวเรื่อง [การติดยาเสพติด.]

BibComment


ยังไม่เคยถูกคอมเมนท์

คอมเมนท์ทรัพยากรรายการนี้
  คอมเมนท์: การพยาบาลผู้ติดส..


 Copyright 2026. Bcnsprnw @Library